TOP 30 NAZIONI CON PIÙ ABITANTI - Statistics

Statistiche generali
  • Questo quiz è stato fatto 85 volte
  • Il punteggio medio è 24 su 30
Statistiche sulle risposte
Risposta % Corretto
CINA
100%
BRASILE
99%
INDIA
99%
RUSSIA
99%
GERMANIA
97%
FRANCIA
96%
USA
96%
MESSICO
94%
GIAPPONE
90%
ITALIA
90%
REGNO UNITO
90%
EGITTO
89%
NIGERIA
87%
PAKISTAN
87%
SUDAFRICA
83%
TURCHIA
81%
IRAN
80%
INDONESIA
79%
CONGO
77%
BANGLADESH
76%
COLOMBIA
76%
THAILANDIA
76%
VIETNAM
70%
COREA DEL SUD
67%
FILIPPINE
63%
ETIOPIA
61%
KENYA
56%
SUDAN
49%
TANZANIA
36%
MYANMAR
23%
Nessun quiz corrispondente trovato
Distribuzione punteggi
Percentuale di utenti per punteggio
Percentile per numero di risposta
I tuoi punteggi nel tempo
Non hai fatto questo quiz